| 000 | 00537cam a22001937a 4500 | ||
|---|---|---|---|
| 001 | 001325 | ||
| 003 | armpunfd | ||
| 005 | 20140612090637.0 | ||
| 008 | 040205e0####xx#a##########000#0#und#d | ||
| 040 |
_aarmpunfd _carmpunfd |
||
| 080 | _a342.531 (73) G 245 | ||
| 100 | 1 | 0 | _a Gaviola, Carlos A. |
| 245 | 1 | 0 | _aEl poder de la suprema corte de los estados unidos |
| 260 |
_a Uenos Aires : Tea _b1965. 220 P. |
||
| 650 | 7 |
_a Corte Suprema _2LEMB |
|
| 650 | 7 |
_a Estados Unidos _2LEMB |
|
| 942 |
_cLB _2cdu |
||
| 945 |
_aCatalis _d2010-08-19 |
||
| 999 |
_c1316 _d231820 |
||